000 00512nam a22001817a 4500
005 20241205092238.0
008 241205b |||||||| |||| 00| 0 eng d
020 _a9781485151548
041 _aEnglish
082 _a344.1 GRO
100 _lEnglish
245 _aEmployment Rights /
_cJ Grogan
250 _aFourth Edition
260 _aCape Town:
_bJuta and Company Ltd,
_c2024
300 _bxix, 430 pages;
_c26 cm.
650 _aLegal practice
_bLaw
942 _cBK
_6ALISON_BN_VRIES
999 _c3275
_d3275